| 000 | 00725nam a2200265 a 4500 | ||
|---|---|---|---|
| 003 | AR-BaBNM | ||
| 005 | 20251128205740.0 | ||
| 008 | 082120s2002 ||||||||||||||000 | spa|| | ||
| 020 | _a950-04-0628-4 | ||
| 040 | _cAR-BaBNM | ||
| 100 | 1 | _aRocha, Ruth | |
| 245 | 0 | 0 |
_aLas aventuras de Pepito _bPepito tenía una piedra : la cosa : cuando yo sea grande |
| 250 | _a1ª ed. | ||
| 260 |
_aBuenos Aires _bEmecé _c1987 |
||
| 300 |
_a32 p. _bil. |
||
| 490 | 0 |
_aPequeño Emecé _vv. 8 |
|
| 650 | 4 | _aLIBROS PARA NIÑOS | |
| 650 | 4 | _aLITERATURA INFANTIL | |
| 650 | 4 | _aCUENTOS DE ANIMALES | |
| 650 | 4 | _aCUENTOS DE AVENTURAS | |
| 655 | _aLITERATURA | ||
| 700 | 1 |
_aOno, Walter _eilustrador |
|
| 942 | _cBK | ||
| 998 | _cMARTIN | ||
| 999 |
_c12666 _d12666 |
||